书目信息 |
| 题名: |
中国水生植物
|
|
| 作者: | 陈耀东 编著 | |
| 分册: | ||
| 出版信息: | 郑州 河南科学技术出版社 2012.12 |
|
| 页数: | 477页 | |
| 开本: | 30cm | |
| 丛书名: | ||
| 单 册: | ||
| 中图分类: | S682.32 | |
| 科图分类: | ||
| 主题词: | 水生植物--介绍--中国 , 水生植物 | |
| 电子资源: | ||
| ISBN: | 978-7-5349-4581-6 | |
| 000 | 01122nam0 2200277 450 | |
| 001 | 010700148486 | |
| 005 | 20140609084622.50 | |
| 010 | @a978-7-5349-4581-6@b精装@dCNY248.00 | |
| 100 | @a20130515d2012 em y0chiy0110 ea | |
| 101 | 0 | @achi |
| 102 | @aCN@b410000 | |
| 105 | @aak z 001yy | |
| 106 | @ar | |
| 200 | 1 | @a中国水生植物@9zhong guo shui sheng zhi wu@dThe Chinese aquatic plants@f陈耀东[等]编著@zeng |
| 210 | @a郑州@c河南科学技术出版社@d2012.12 | |
| 215 | @a477页@c图@d30cm | |
| 300 | @a系统与进化植物学国家重点实验室专项经费资助 国家出版基金项目 | |
| 330 | @a本书介绍了我国水生植物的栽培简史、繁殖方法等,重点论述了每种水生植物的形态特征、生境、分布、繁殖与栽培、观赏及主要用途、相近种的比较等。 | |
| 333 | @a本书可供广大园林、园艺工作者和农林大专院校师生,以及从事生物多样性保护、环境评价等方面的工作人员参考,也为广大水生花卉爱好者提供学习、选择品种的知识 | |
| 510 | 1 | @aChinese aquatic plants@zeng |
| 606 | 0 | @a水生植物@x介绍@y中国 |
| 606 | 0 | @a水生植物 |
| 690 | @aS682.32@v5 | |
| 701 | 0 | @a陈耀东@9chen yao dong@4编著 |
| 801 | 0 | @aCN@b人天书店@c20130515 |
| 905 | @b547827-29@dS682.32@e283@f3 | |
| 中国水生植物=The Chinese aquatic plants/陈耀东[等]编著.-郑州:河南科学技术出版社,2012.12 |
| 477页:图;30cm |
| 系统与进化植物学国家重点实验室专项经费资助 国家出版基金项目.-使用对象:本书可供广大园林、园艺工作者和农林大专院校师生,以及从事生物多样性保护、环境评价等方面的工作人员参考,也为广大水生花卉爱好者提供学习、选择品种的知识 |
| ISBN 978-7-5349-4581-6(精装):CNY248.00 |
| 本书介绍了我国水生植物的栽培简史、繁殖方法等,重点论述了每种水生植物的形态特征、生境、分布、繁殖与栽培、观赏及主要用途、相近种的比较等。 |
| ● |
| 相关链接 |
|
|
|
|
正题名:中国水生植物
索取号:S682.32/283
 
预约/预借
| 序号 | 登录号 | 条形码 | 馆藏地/架位号 | 状态 | 备注 |
| 1 | 547827 | 205478277 | 第二样本阅览室/ [索取号:S682.32/283] | 在馆 | |
| 2 | 547828 | 205478286 | 密集书库-生命科学系/ [索取号:S682.32/283] | 在馆 | |
| 3 | 547829 | 205478295 | 第三借阅区/ [索取号:S682.32/283] | 在馆 |